000 01383cam a2200313 4500
001 L159471
008 060303n2012 000 0 eng u
020 _a9780273745600
035 _a(Sirsi) u159471
041 0 _aeng
050 0 4 _a692.8 $2 18
100 1 _aAshworth, Allan
245 0 0 _aContractual procedures in the construction industry
250 _a6th ed.
260 _aAbingdon
_bRoutledge
_c2012
350 _a44.99
505 2 _aContract law -- Procurement -- Process and parties -- Principles of the conditions of contract.
520 _aProvides students with a comprehensive understanding of the subject. It reinforces the changes that are taking place within the construction industry, such as how it is organised and the way in which consultants, contractors, subcontractors and all of those involved in the supply chain obtain work. It covers principles involved in contractual and procurement arrangements in the construction industry.
520 _aSupersedes 5th edition (ISBN 9780131298279).
650 2 4 _aSUPPLY CHAIN MANAGEMENT
650 2 4 _aPUBLIC PRIVATE PARTNERSHIPS
650 2 4 _aPFI
650 2 4 _aFLUCTUATIONS
650 2 4 _aLEAN CONSTRUCTION
651 4 _aENGLAND AND WALES
690 _aProcurement
_96260
856 4 8 _uhttps://www.vlebooks.com/
_zView on VLEbooks. Logins for members only from [email protected]
942 _n0
999 _c115931
_d115931